[Event "Campeonato del Mundo sub-20 2010 Fem."]
[Site "Chotowa-Czarna, Poland"]
[Date "2010.08.12"]
[Round "9.11"]
[White "Abdulla, Khayala Mardan"]
[Black "Baciu, Diana"]
[Result "1/2-1/2"]
[WhiteElo "2193"]
[BlackElo "2127"]
[PlyCount "106"]
[EventDate "2010.08.03"]
[EventType "swiss"]
[EventRounds "13"]
[EventCountry "POL"]
[Source "lmi"]
[SourceDate "2010.08.03"]

1. e4 e6 2. d4 d5 3. Nc3 Nf6 4. Bg5 Bb4 5. e5 h6 6. Bd2 Bxc3 7. bxc3 Ne4 8. Qg4
g6 9. Bd3 Nxd2 10. Kxd2 c5 11. h4 c4 12. Be2 Nd7 13. Qf4 Qe7 14. a4 b6 15. Nf3
Bb7 16. Rhb1 a5 17. Nh2 O-O-O 18. Ng4 h5 19. Ne3 Bc6 20. Bf3 Kb7 21. Rb2 Rc8
22. Ke1 Ka7 23. Nf1 Rc7 24. Nd2 Nb8 25. Be2 Qd7 26. Rba2 Rb7 27. Nf3 Qc7 28.
Ng5 Be8 29. Kd2 Nc6 30. Qf6 Rg8 31. g4 hxg4 32. Bxg4 Qe7 33. Qf4 Nd8 34. Rh1
Bc6 35. h5 gxh5 36. Rxh5 Rb8 37. f3 Rg7 38. Nh7 Nb7 39. Nf6 Rf8 40. Ke3 Qd8 41.
Qh2 b5 42. axb5 Bxb5 43. Qh1 a4 44. Kd2 Na5 45. Qb1 Ka6 46. Rb2 Bc6 47. Qa1 Rh8
48. Qa3 Rxh5 49. Nxh5 Rxg4 50. fxg4 Qg5+ 51. Ke1 Qe3+ 52. Kf1 Qf3+ 53. Ke1 Qe3+
1/2-1/2

[Event "Campeonato del Mundo sub-20 2010 Fem."]
[Site "Chotowa-Czarna, Poland"]
[Date "2010.08.12"]
[Round "9.12"]
[White "Heredia Serrano, Carla Sofia"]
[Black "Tsirulnik, Maritsa"]
[Result "1-0"]
[WhiteElo "2080"]
[BlackElo "2153"]
[PlyCount "123"]
[EventDate "2010.08.03"]
[EventType "swiss"]
[EventRounds "13"]
[EventCountry "POL"]
[Source "lmi"]
[SourceDate "2010.08.03"]

1. e4 c5 2. Nf3 e6 3. d4 cxd4 4. Nxd4 Qb6 5. a4 Nf6 6. a5 Qc7 7. Bd3 Nc6 8.
Nxc6 bxc6 9. O-O Rb8 10. Qe2 e5 11. Nd2 Be7 12. b3 O-O 13. Bb2 Re8 14. f4 d6
15. f5 Bf8 16. Kh1 Bb7 17. a6 Ba8 18. Rae1 Rbd8 19. c4 Qb6 20. Bc3 d5 21. Ra1
Qb8 22. Ba5 Rc8 23. Rfc1 dxe4 24. Nxe4 Nxe4 25. Bxe4 c5 26. Rd1 Be7 27. Bxa8
Qxa8 28. Rd5 Bf6 29. Bc3 Qb8 30. Qb2 Rc6 31. h3 Qc8 32. Qf2 Rd8 33. Rad1 Rxa6
34. Rxd8+ Bxd8 35. Bxe5 Bf6 36. Bxf6 Rxf6 37. Rd5 g6 38. Rxc5 Qb8 39. Rb5 Qc7
40. Rc5 Qb8 41. Rb5 Qc7 42. Rd5 Rxf5 43. Rxf5 gxf5 44. Qxf5 Qd6 45. Qf3 a6 46.
Qc3 f6 47. c5 Qc6 48. Qc4+ Kf8 49. b4 f5 50. Qd4 h6 51. Qh8+ Ke7 52. Qh7+ Kd8
53. Qxf5 Qa4 54. Qd5+ Ke8 55. Qe4+ Kd8 56. Kh2 Qb5 57. Kg3 Kc7 58. Kh4 a5 59.
Qe7+ Kc8 60. Qe6+ Kd8 61. bxa5 Qb4+ 62. Kg3 1-0

[Event "Campeonato del Mundo sub-20 2010 Fem."]
[Site "Chotowa-Czarna, Poland"]
[Date "2010.08.12"]
[Round "9.13"]
[White "Ziaziulkina, Nastassia"]
[Black "Saduakassova, Dinara"]
[Result "1/2-1/2"]
[WhiteElo "2293"]
[BlackElo "2131"]
[PlyCount "53"]
[EventDate "2010.08.03"]
[EventType "swiss"]
[EventRounds "13"]
[EventCountry "POL"]
[Source "lmi"]
[SourceDate "2010.08.03"]

1. e4 c5 2. Nf3 d6 3. d4 cxd4 4. Nxd4 Nf6 5. Nc3 a6 6. Bg5 Nbd7 7. Bc4 Qa5 8.
Qd2 e6 9. O-O-O b5 10. Bd5 b4 11. Bxa8 bxc3 12. Qxc3 Qxg5+ 13. Kb1 Qc5 14. Qxc5
Nxc5 15. Bc6+ Bd7 16. Bxd7+ Nfxd7 17. f3 Ne5 18. Nb3 Nxb3 19. axb3 Nc6 20. Rd3
Kd7 21. Rhd1 Be7 22. f4 Rd8 23. Rg3 g6 24. Rh3 h5 25. Rc3 Rc8 26. Rh3 Rb8 27.
Rc3 1/2-1/2

[Event "Campeonato del Mundo sub-20 2010 Fem."]
[Site "Chotowa-Czarna, Poland"]
[Date "2010.08.12"]
[Round "9.14"]
[White "Lach, Aleksandra"]
[Black "Nemcova, Katerina"]
[Result "0-1"]
[WhiteElo "2179"]
[BlackElo "2282"]
[PlyCount "98"]
[EventDate "2010.08.03"]
[EventType "swiss"]
[EventRounds "13"]
[EventCountry "POL"]
[Source "lmi"]
[SourceDate "2010.08.03"]

1. e4 c5 2. Nf3 e6 3. d3 b5 4. g3 Bb7 5. Bg2 d6 6. Qe2 Nf6 7. Nbd2 Be7 8. O-O
O-O 9. Rd1 Nc6 10. c3 Qb6 11. Nf1 a5 12. h4 a4 13. Ne3 Na5 14. Nd2 d5 15. exd5
exd5 16. Nf5 Bd8 17. Nf1 Re8 18. Qd2 g6 19. Nh6+ Kg7 20. Ne3 d4 21. Neg4 Qe6
22. Nh2 Bxg2 23. Kxg2 Nc6 24. Qc2 Ne5 25. Bf4 Qd5+ 26. Kg1 Nf3+ 27. Nxf3 Qxf3
28. Re1 Ba5 29. Bd2 Rac8 30. Rad1 Nd5 31. Qc1 Ne3 32. fxe3 Qxg3+ 33. Kf1 Re6
34. e4 Qxd3+ 35. Kg1 Qg3+ 36. Kh1 Qxh4+ 37. Kg2 Bc7 38. Rh1 Qg3+ 39. Kf1 Qf3+
40. Kg1 Rxe4 41. Be1 Bf4 42. Rd2 Rce8 43. Bf2 Re2 44. Rxe2 Rxe2 45. Qf1 Rxf2
46. Qxf2 Be3 47. Rh2 Bxf2+ 48. Rxf2 Qg3+ 49. Kf1 Kxh6 0-1

[Event "Campeonato del Mundo sub-20 2010 Fem."]
[Site "Chotowa-Czarna, Poland"]
[Date "2010.08.12"]
[Round "9.15"]
[White "Adamowicz, Katarzyna"]
[Black "Skinke, Katrina"]
[Result "1/2-1/2"]
[WhiteElo "2123"]
[BlackElo "2237"]
[PlyCount "85"]
[EventDate "2010.08.03"]
[EventType "swiss"]
[EventRounds "13"]
[EventCountry "POL"]
[Source "lmi"]
[SourceDate "2010.08.03"]

1. e4 d6 2. d4 Nf6 3. Nc3 g6 4. f4 Bg7 5. Nf3 O-O 6. Bd3 Na6 7. O-O c5 8. d5
Bg4 9. h3 Bxf3 10. Qxf3 Nc7 11. Be3 a6 12. a4 b6 13. Bf2 Rb8 14. Qe2 b5 15.
axb5 axb5 16. Nxb5 Nxb5 17. Bxb5 Nxe4 18. Qxe4 Rxb5 19. Ra7 Rxb2 20. Rxe7 Rxc2
21. Bh4 Rd2 22. f5 Rd4 23. Qe1 Qa8 24. fxg6 hxg6 25. Rfxf7 Rxf7 26. Rxf7 Be5
27. Rf1 Qxd5 28. Qa5 Rd2 29. Qd8+ Kh7 30. Bf2 Bg7 31. Qh4+ Qh5 32. Qf4 Rd1 33.
Be1 Rd4 34. Qf7 Qe2 35. Kh2 Qe5+ 36. Bg3 Qd5 37. Qe7 Rd2 38. Qh4+ Kg8 39. Qd8+
Kh7 40. Qh4+ Qh5 41. Qe7 Qd5 42. Qh4+ Qh5 43. Qe7 1/2-1/2

[Event "Campeonato del Mundo sub-20 2010 Fem."]
[Site "Chotowa-Czarna, Poland"]
[Date "2010.08.12"]
[Round "9.16"]
[White "Semenova, Elena"]
[Black "Labedz, Patrycja"]
[Result "1/2-1/2"]
[WhiteElo "2194"]
[BlackElo "2076"]
[PlyCount "94"]
[EventDate "2010.08.03"]
[EventType "swiss"]
[EventRounds "13"]
[EventCountry "POL"]
[Source "lmi"]
[SourceDate "2010.08.03"]

1. e4 e6 2. d4 d5 3. Nc3 Bb4 4. Nge2 dxe4 5. a3 Be7 6. Nxe4 Nf6 7. N2g3 Nc6 8.
c3 e5 9. Nxf6+ Bxf6 10. d5 Ne7 11. c4 g6 12. Bd3 Bg7 13. Bc2 f5 14. O-O h5 15.
h3 h4 16. Ne2 f4 17. Nc3 O-O 18. f3 Nf5 19. Bxf5 Bxf5 20. Ne4 Qd7 21. b4 Rad8
22. Qe2 b5 23. cxb5 Qxd5 24. Bb2 Rb8 25. Nc5 Qf7 26. Rfd1 Qe8 27. a4 c6 28.
bxc6 Qxc6 29. Bc3 a5 30. Qc4+ Kh7 31. Rac1 Rfc8 32. Be1 axb4 33. Bxb4 Kh6 34.
Be1 Bf8 35. Bf2 Rb2 36. Nd3 Qxc4 37. Rxc4 Rxc4 38. Nxb2 Rb4 39. Nd3 Bxd3 40.
Rxd3 Rxa4 41. Rd5 Ra1+ 42. Kh2 Rf1 43. Bc5 Bxc5 44. Rxc5 Re1 45. Rc7 Kg5 46.
Re7 Re2 47. Kg1 Re1+ 1/2-1/2

[Event "Campeonato del Mundo sub-20 2010 Fem."]
[Site "Chotowa-Czarna, Poland"]
[Date "2010.08.12"]
[Round "9.18"]
[White "Correa, Jaqueline Pamplona"]
[Black "Cori Tello, Deysi Estela"]
[Result "0-1"]
[WhiteElo "1928"]
[BlackElo "2403"]
[PlyCount "60"]
[EventDate "2010.08.03"]
[EventType "swiss"]
[EventRounds "13"]
[EventCountry "POL"]
[Source "lmi"]
[SourceDate "2010.08.03"]

1. e4 e6 2. d4 d5 3. Nd2 Nf6 4. e5 Nfd7 5. Bd3 c5 6. c3 Nc6 7. Ndf3 cxd4 8.
cxd4 Bb4+ 9. Bd2 f6 10. exf6 Nxf6 11. Ne2 O-O 12. O-O Bd7 13. Bg5 Be7 14. Rc1
Nh5 15. Qd2 Rxf3 16. Bxh7+ Kxh7 17. Bxe7 Qxe7 18. gxf3 Rf8 19. Kg2 Nf4+ 20. Kh1
Qf6 21. Rc3 Nxe2 22. Qxe2 Nxd4 23. Qd3+ Kh8 24. f4 Qxf4 25. Qh3+ Kg8 26. Rg3
Rf7 27. Qh5 e5 28. Rfg1 Nf3 29. Rd1 d4 30. Kg2 Nh4+ 0-1

[Event "Campeonato del Mundo sub-20 2010 Fem."]
[Site "Chotowa-Czarna, Poland"]
[Date "2010.08.12"]
[Round "9.19"]
[White "Butuc, Maria"]
[Black "Osmanodja, Filiz"]
[Result "1/2-1/2"]
[WhiteElo "2220"]
[BlackElo "2061"]
[PlyCount "91"]
[EventDate "2010.08.03"]
[EventType "swiss"]
[EventRounds "13"]
[EventCountry "POL"]
[Source "lmi"]
[SourceDate "2010.08.03"]

1. Nf3 d5 2. d4 Nf6 3. c4 dxc4 4. e3 Bg4 5. Bxc4 e6 6. h3 Bh5 7. Nc3 a6 8. g4
Bg6 9. Ne5 Nbd7 10. Nxg6 hxg6 11. Bf1 Bd6 12. Bg2 c6 13. O-O Qc7 14. e4 e5 15.
d5 c5 16. Be3 Ng8 17. Rc1 Qd8 18. Qd2 Ne7 19. f4 exf4 20. Bxf4 Ne5 21. Nd1 b6
22. Ne3 Qb8 23. Nc4 Nxc4 24. Rxc4 Bxf4 25. Qxf4 Qxf4 26. Rxf4 g5 27. Rf2 Ng6
28. Bf1 Ne5 29. Rc3 Kd7 30. Kg2 Kd6 31. Rfc2 Ra7 32. a3 Rc8 33. Kf2 b5 34. Ke3
f6 35. Rc1 Rac7 36. R3c2 c4 37. Kd4 Nf3+ 38. Ke3 Ne5 39. Kd4 Kd7 40. a4 Nf3+
41. Ke3 Ne5 42. axb5 axb5 43. Ra1 Rb8 44. Kd4 Nf3+ 45. Ke3 Ne5 46. Kd4 1/2-1/2

[Event "Campeonato del Mundo sub-20 2010 Fem."]
[Site "Chotowa-Czarna, Poland"]
[Date "2010.08.12"]
[Round "9.20"]
[White "Chierici, Marianna"]
[Black "Nesterovskaya, Anzhelika"]
[Result "0-1"]
[WhiteElo "2016"]
[BlackElo "2177"]
[PlyCount "110"]
[EventDate "2010.08.03"]
[EventType "swiss"]
[EventRounds "13"]
[EventCountry "POL"]
[Source "lmi"]
[SourceDate "2010.08.03"]

1. e4 e5 2. Bc4 Nf6 3. d3 Nc6 4. Nf3 Be7 5. c3 O-O 6. h3 d5 7. exd5 Nxd5 8. O-O
Nb6 9. Bb5 Bf6 10. Nbd2 g6 11. Re1 Re8 12. a4 a6 13. Bxc6 bxc6 14. Ne4 Bg7 15.
Be3 Nd5 16. Bg5 f6 17. Bh4 h6 18. d4 g5 19. dxe5 gxh4 20. c4 f5 21. Nc5 Nf4 22.
Qxd8 Rxd8 23. Nxh4 Ne6 24. Nb3 Rb8 25. Na5 Nd4 26. b3 Re8 27. Rad1 c5 28. f4
Rb6 29. Rd3 Be6 30. g3 Reb8 31. Ree3 Kf7 32. Kf2 Bf8 33. Nf3 Nc2 34. Re2 Nb4
35. Rd1 Be7 36. Red2 Rg8 37. Ne1 c6 38. Ng2 h5 39. Ne3 Bc8 40. Kf3 Rb8 41. Kf2
h4 42. g4 fxg4 43. hxg4 Bxg4 44. Rg1 Bh5 45. Rxg8 Rxg8 46. Nf5 Ke6 47. Nxe7
Kxe7 48. Nb7 h3 49. Kf1 Rf8 50. Nxc5 Rxf4+ 51. Kg1 Bg4 52. Kh2 Rf3 53. Ne4 Nd3
54. a5 Re3 55. Nf6 Nxe5 0-1

[Event "Campeonato del Mundo sub-20 2010 Fem."]
[Site "Chotowa-Czarna, Poland"]
[Date "2010.08.12"]
[Round "9.21"]
[White "Gosciniak, Maria"]
[Black "Deur, Zrinka"]
[Result "1-0"]
[WhiteElo "2149"]
[BlackElo "2061"]
[PlyCount "91"]
[EventDate "2010.08.03"]
[EventType "swiss"]
[EventRounds "13"]
[EventCountry "POL"]
[Source "lmi"]
[SourceDate "2010.08.03"]

1. e4 c5 2. Nf3 Nc6 3. d4 cxd4 4. Nxd4 g6 5. Nc3 Bg7 6. Be3 Nf6 7. Nxc6 dxc6 8.
Qxd8+ Kxd8 9. O-O-O+ Ke8 10. f3 Be6 11. a4 Nd7 12. Nb1 Nb6 13. b3 Rd8 14. Be2
f5 15. Na3 Rxd1+ 16. Rxd1 fxe4 17. fxe4 Be5 18. g3 Rf8 19. a5 Nc8 20. b4 Bc3
21. Bd2 Bxd2+ 22. Rxd2 Rf2 23. Bd3 Rf3 24. e5 Re3 25. Re2 Rxe2 26. Bxe2 Kd7 27.
Kd2 b6 28. Ke3 h6 29. Kd4 Bf5 30. c3 Ke6 31. g4 c5+ 32. bxc5 bxc5+ 33. Kxc5 Be4
34. Ba6 Nb6 35. axb6 axb6+ 36. Kd4 Bf3 37. Nc4 b5 38. Ne3 Be2 39. Bc8+ Kf7 40.
h4 g5 41. hxg5 hxg5 42. Bf5 Bf3 43. e6+ Ke8 44. Kc5 Be2 45. Nc2 Bd1 46. Nd4 1-0

[Event "Campeonato del Mundo sub-20 2010 Fem."]
[Site "Chotowa-Czarna, Poland"]
[Date "2010.08.12"]
[Round "9.22"]
[White "Exler, Veronika"]
[Black "Tomaszewska, Luiza"]
[Result "1-0"]
[WhiteElo "2143"]
[BlackElo "1968"]
[PlyCount "77"]
[EventDate "2010.08.03"]
[EventType "swiss"]
[EventRounds "13"]
[EventCountry "POL"]
[Source "lmi"]
[SourceDate "2010.08.03"]

1. d4 Nf6 2. Nf3 g6 3. c4 Bg7 4. Nc3 d5 5. e3 O-O 6. cxd5 Nxd5 7. Bc4 Nxc3 8.
bxc3 c5 9. O-O Nd7 10. Ba3 Qa5 11. Qb3 b5 12. Bd5 Rb8 13. Ng5 e6 14. Bxe6 c4
15. Qb4 Qxb4 16. Bxb4 fxe6 17. Bxf8 Nxf8 18. a4 b4 19. cxb4 Rxb4 20. a5 e5 21.
d5 h6 22. Ne4 Bf5 23. f3 Nd7 24. Rfb1 Rb3 25. Rc1 Bxe4 26. fxe4 c3 27. Ra4 Bf8
28. Rc4 Bb4 29. Rc8+ Kf7 30. Rc7 Ke7 31. a6 Bc5 32. Kf2 h5 33. h4 Ra3 34. g3
Ra2+ 35. Kf3 Rxa6 36. Rxc3 Bd6 37. Rb7 Kd8 38. Rc6 Ke7 39. Rxa6 1-0

[Event "Campeonato del Mundo sub-20 2010 Fem."]
[Site "Chotowa-Czarna, Poland"]
[Date "2010.08.12"]
[Round "9.23"]
[White "Forestier, Carole"]
[Black "Zmarzly, Aleksandra"]
[Result "1/2-1/2"]
[WhiteElo "2103"]
[BlackElo "2026"]
[PlyCount "50"]
[EventDate "2010.08.03"]
[EventType "swiss"]
[EventRounds "13"]
[EventCountry "POL"]
[Source "lmi"]
[SourceDate "2010.08.03"]

1. d4 Nf6 2. c4 e6 3. Nf3 b6 4. g3 Ba6 5. Qc2 Bb7 6. Bg2 Bb4+ 7. Bd2 Bxd2+ 8.
Nbxd2 d6 9. O-O Nbd7 10. e4 e5 11. d5 a5 12. Nh4 O-O 13. Nf5 Nc5 14. f4 Re8 15.
Rae1 Bc8 16. fxe5 dxe5 17. Nb3 Nxb3 18. Qxb3 Bxf5 19. Rxf5 Qd6 20. Ref1 Re7 21.
Kh1 Ne8 22. Qe3 Rb8 23. Bh3 Qg6 24. R5f2 Nd6 25. Bf5 Qh5 1/2-1/2

[Event "Campeonato del Mundo sub-20 2010 Fem."]
[Site "Chotowa-Czarna, Poland"]
[Date "2010.08.12"]
[Round "9.24"]
[White "Olsarova, Tereza"]
[Black "Cyboran, Katarzyna"]
[Result "1-0"]
[WhiteElo "2252"]
[BlackElo "1777"]
[PlyCount "87"]
[EventDate "2010.08.03"]
[EventType "swiss"]
[EventRounds "13"]
[EventCountry "POL"]
[Source "lmi"]
[SourceDate "2010.08.03"]

1. e4 e6 2. d4 d5 3. e5 c5 4. c3 Nc6 5. Nf3 Qc7 6. a3 f6 7. Bb5 Bd7 8. Bxc6
Bxc6 9. O-O c4 10. a4 O-O-O 11. b4 a6 12. Qe2 f5 13. Qb2 Qd7 14. b5 axb5 15.
axb5 Bxb5 16. Bg5 Ne7 17. Na3 Ba6 18. Rfb1 Qc6 19. Nc2 Kd7 20. Nb4 Qc8 21. Nxa6
bxa6 22. Qb7+ Ke8 23. Rxa6 Kf7 24. Ra7 Qxb7 25. Rbxb7 Re8 26. Bxe7 Rxe7 27.
Ng5+ Kg6 28. Rxe7 Bxe7 29. Nxe6 Rb8 30. g3 Kf7 31. Nxg7 Rb1+ 32. Kg2 Kxg7 33.
Rxe7+ Kg6 34. Rd7 Rb3 35. Rxd5 Rxc3 36. Rc5 f4 37. g4 Kg5 38. h3 Rc1 39. d5 Rc3
40. d6 h5 41. e6+ Kf6 42. e7 Kf7 43. Rc8 f3+ 44. Kg3 1-0

[Event "Campeonato del Mundo sub-20 2010 Fem."]
[Site "Chotowa-Czarna, Poland"]
[Date "2010.08.12"]
[Round "9.26"]
[White "Guadamuro Torrente, Anabel"]
[Black "Mareckova, Martina"]
[Result "1-0"]
[WhiteElo "2137"]
[BlackElo "2095"]
[PlyCount "99"]
[EventDate "2010.08.03"]
[EventType "swiss"]
[EventRounds "13"]
[EventCountry "POL"]
[Source "lmi"]
[SourceDate "2010.08.03"]

1. e4 e5 2. Nf3 Nc6 3. Bc4 Bc5 4. c3 Nf6 5. d3 a6 6. Bb3 Ba7 7. h3 d6 8. Nbd2
O-O 9. Nf1 Be6 10. Bc2 d5 11. Qe2 dxe4 12. dxe4 b5 13. N3h2 Nd7 14. Ne3 Nb6 15.
O-O f6 16. Rd1 Qe7 17. Nf5 Bxf5 18. exf5 Rad8 19. Be3 Kh8 20. Nf3 Rxd1+ 21.
Rxd1 Rd8 22. Re1 Nd5 23. Bxa7 Nxa7 24. Qe4 Nc8 25. a4 c6 26. axb5 axb5 27. Qg4
Qd7 28. Rd1 Nd6 29. Nh4 Qc7 30. Bb3 Nb7 31. Bc2 Nd6 32. Qh5 Kg8 33. Bb3 Qf7 34.
Qf3 Nb7 35. c4 bxc4 36. Bxc4 Nc5 37. b4 Na4 38. Bb3 Nab6 39. g3 Kf8 40. Ng2 Qe7
41. b5 Qb4 42. Qd3 e4 43. Qc2 Qxb5 44. Nf4 Rd7 45. Ne6+ Kf7 46. Nd4 Qb4 47.
Qxc6 g6 48. h4 gxf5 49. Qe6+ Kg7 50. Nxf5+ 1-0

[Event "Campeonato del Mundo sub-20 2010 Fem."]
[Site "Chotowa-Czarna, Poland"]
[Date "2010.08.12"]
[Round "9.27"]
[White "Kasperek, Joanna"]
[Black "Edes, Zsofia"]
[Result "1-0"]
[WhiteElo "2001"]
[BlackElo "2097"]
[PlyCount "39"]
[EventDate "2010.08.03"]
[EventType "swiss"]
[EventRounds "13"]
[EventCountry "POL"]
[Source "lmi"]
[SourceDate "2010.08.03"]

1. e4 c5 2. Nf3 a6 3. c3 d5 4. exd5 Qxd5 5. d4 Nf6 6. Be2 e6 7. O-O Nc6 8. Be3
Ng4 9. Bf4 Bd6 10. c4 Qh5 11. Bxd6 e5 12. h3 Qg6 13. dxe5 h5 14. Nc3 b6 15. Nd5
Ra7 16. Nxb6 Bb7 17. Nd5 Bc8 18. Nc7+ Kd7 19. Bxc5+ Kxc7 20. Qd6+ 1-0

[Event "Campeonato del Mundo sub-20 2010 Fem."]
[Site "Chotowa-Czarna, Poland"]
[Date "2010.08.12"]
[Round "9.28"]
[White "Khanamiryan, Ani"]
[Black "Anu, Bayar"]
[Result "1-0"]
[WhiteElo "2014"]
[BlackElo "1935"]
[PlyCount "51"]
[EventDate "2010.08.03"]
[EventType "swiss"]
[EventRounds "13"]
[EventCountry "POL"]
[Source "lmi"]
[SourceDate "2010.08.03"]

1. c4 Nf6 2. Nc3 e6 3. e4 d5 4. exd5 exd5 5. d4 Be7 6. Bd3 O-O 7. Nge2 Nc6 8.
a3 Na5 9. cxd5 Nxd5 10. O-O Be6 11. Ne4 Nf6 12. N4g3 Nb3 13. Rb1 Nxc1 14. Rxc1
Nd5 15. Ne4 b6 16. Qc2 g6 17. Rfe1 a5 18. Bb5 f5 19. Nd2 c5 20. Nf3 Bg5 21.
Rcd1 Rc8 22. Qa4 Bf6 23. dxc5 Rxc5 24. b4 axb4 25. axb4 Rc7 26. Bc6 1-0

[Event "Campeonato del Mundo sub-20 2010 Fem."]
[Site "Chotowa-Czarna, Poland"]
[Date "2010.08.12"]
[Round "9.29"]
[White "Uta, Adeline-ramona"]
[Black "Guo, Emma"]
[Result "1-0"]
[WhiteElo "2099"]
[BlackElo "1965"]
[PlyCount "71"]
[EventDate "2010.08.03"]
[EventType "swiss"]
[EventRounds "13"]
[EventCountry "POL"]
[Source "lmi"]
[SourceDate "2010.08.03"]

1. e4 c5 2. Nf3 Nc6 3. d4 cxd4 4. Nxd4 g6 5. Nc3 Bg7 6. Be3 Nf6 7. Bc4 d6 8.
Qd2 Bd7 9. f3 Rc8 10. Bb3 h5 11. Nxc6 bxc6 12. O-O c5 13. Bc4 h4 14. Rae1 Nh5
15. Nd5 Rb8 16. c3 h3 17. g4 Nf6 18. Bg5 e6 19. Nxf6+ Bxf6 20. Bxf6 Qxf6 21.
Rf2 Rb6 22. e5 Qe7 23. exd6 Rxd6 24. Qe3 Rb6 25. Qe5 Rh4 26. Bf1 f5 27. Qg3 Qf6
28. g5 Qh8 29. Qc7 Qh5 30. Qxa7 Qxg5+ 31. Kh1 Qd8 32. Rd2 Qc8 33. Qxb6 Bc6 34.
Rd8+ Qxd8 35. Qxc6+ Kf8 36. Rxe6 1-0

[Event "Campeonato del Mundo sub-20 2010 Fem."]
[Site "Chotowa-Czarna, Poland"]
[Date "2010.08.12"]
[Round "9.32"]
[White "Skrzypczak, Anna"]
[Black "Orehek, Spela"]
[Result "0-1"]
[WhiteElo "2028"]
[BlackElo "1883"]
[PlyCount "70"]
[EventDate "2010.08.03"]
[EventType "swiss"]
[EventRounds "13"]
[EventCountry "POL"]
[Source "lmi"]
[SourceDate "2010.08.03"]

1. d4 d5 2. c4 c6 3. Nc3 a6 4. e4 dxe4 5. Nxe4 Bf5 6. Ng3 Bg6 7. Nf3 Nd7 8. Be2
Ngf6 9. O-O Qc7 10. Be3 e6 11. Rc1 Rc8 12. Qb3 Be7 13. Rfd1 Qb8 14. Ne5 O-O 15.
f4 Rfd8 16. Bf3 Nxe5 17. fxe5 Ne8 18. Qc3 b5 19. b3 Ba3 20. Ra1 bxc4 21. Qxc4
Bb2 22. Rab1 Bxb1 23. Rxb1 Ba3 24. Qxa6 Bf8 25. Bxc6 Nc7 26. Qe2 Nd5 27. Bxd5
Rxd5 28. Ne4 Qa8 29. Rf1 Ra5 30. Qg4 Rxa2 31. Nf6+ Kh8 32. Nxh7 Rcc2 33. Bf2
Kxh7 34. Qh5+ Kg8 35. h4 Qe4 0-1

[Event "Campeonato del Mundo sub-20 2010 Fem."]
[Site "Chotowa-Czarna, Poland"]
[Date "2010.08.12"]
[Round "9.33"]
[White "Tonel, Giulia"]
[Black "Dragojevic, Marija"]
[Result "1-0"]
[WhiteElo "2001"]
[BlackElo "1986"]
[PlyCount "55"]
[EventDate "2010.08.03"]
[EventType "swiss"]
[EventRounds "13"]
[EventCountry "POL"]
[Source "lmi"]
[SourceDate "2010.08.03"]

1. e4 c5 2. Nf3 e6 3. c3 Nf6 4. e5 Nd5 5. d4 cxd4 6. cxd4 d6 7. Nc3 Nxc3 8.
bxc3 Qc7 9. Bd2 Nc6 10. exd6 Bxd6 11. Bd3 h6 12. O-O O-O 13. Qe2 Ne7 14. c4 Bd7
15. Ne5 Bxe5 16. dxe5 Bc6 17. Rad1 Rfd8 18. Bb1 Nf5 19. Bc1 Rd4 20. Bb2 Rf4 21.
Rc1 Qe7 22. Rc3 Qg5 23. f3 Qe7 24. Ba3 Qc7 25. g3 Rd4 26. Bxf5 exf5 27. Bd6 Bd7
28. Bxc7 1-0

[Event "Campeonato del Mundo sub-20 2010 Fem."]
[Site "Chotowa-Czarna, Poland"]
[Date "2010.08.12"]
[Round "9.34"]
[White "Unapkoshvili, Nani"]
[Black "Jablonska, Sabina"]
[Result "0-1"]
[WhiteElo "1997"]
[BlackElo "1876"]
[PlyCount "62"]
[EventDate "2010.08.03"]
[EventType "swiss"]
[EventRounds "13"]
[EventCountry "POL"]
[Source "lmi"]
[SourceDate "2010.08.03"]

1. Nf3 d5 2. d4 Nf6 3. g3 g6 4. c4 c6 5. Bg2 Bg7 6. O-O O-O 7. Qb3 Qb6 8. Nc3
Be6 9. c5 Qxb3 10. axb3 Ne4 11. h3 Nd7 12. b4 Nxc3 13. bxc3 Bf5 14. Bf4 Be4 15.
Ra5 Bxf3 16. Bxf3 e5 17. Be3 a6 18. Rd1 f5 19. Bg5 Rae8 20. Bc1 h6 21. e3 g5
22. c4 dxc4 23. d5 e4 24. Bh5 Rd8 25. dxc6 bxc6 26. Be2 Ne5 27. Rxa6 c3 28. f4
exf3 29. Rxd8 Rxd8 30. Bf1 Rd1 31. Ba3 c2 0-1

[Event "Campeonato del Mundo sub-20 2010 Fem."]
[Site "Chotowa-Czarna, Poland"]
[Date "2010.08.12"]
[Round "9.35"]
[White "Ursente, Maria-eugenia"]
[Black "Oliver, Tamzin L"]
[Result "1-0"]
[WhiteElo "1978"]
[BlackElo "1737"]
[PlyCount "93"]
[EventDate "2010.08.03"]
[EventType "swiss"]
[EventRounds "13"]
[EventCountry "POL"]
[Source "lmi"]
[SourceDate "2010.08.03"]

1. c4 e5 2. g3 Nc6 3. Bg2 f5 4. Nc3 Nf6 5. d3 Bb4 6. Bd2 O-O 7. e3 Bxc3 8. Bxc3
d6 9. Ne2 Qe8 10. b4 f4 11. O-O Ng4 12. exf4 Qh5 13. h3 Nf6 14. fxe5 Nxe5 15.
Nf4 Qh6 16. d4 Nc6 17. c5 Nd8 18. Qb3+ Kh8 19. d5 Nd7 20. cxd6 cxd6 21. Rae1
Ne5 22. Bxe5 dxe5 23. Rxe5 Qd6 24. Rfe1 Nf7 25. Re8 Bd7 26. Rxf8+ Rxf8 27. Qc3
Re8 28. Rxe8+ Bxe8 29. Ne6 Qe5 30. Qxe5 Nxe5 31. Nd8 b6 32. Nc6 Nd3 33. b5 Nc1
34. d6 Nxa2 35. Nb8 Nc3 36. Bc6 Nxb5 37. Bxe8 Nxd6 38. Bc6 Kg8 39. Bd5+ Kf8 40.
Nc6 a5 41. Kf1 Nb5 42. Ne5 Ke7 43. Bg8 h6 44. Nc4 Nc3 45. Nxb6 a4 46. Nd5+ Nxd5
47. Bxd5 1-0

[Event "Campeonato del Mundo sub-20 2010 Fem."]
[Site "Chotowa-Czarna, Poland"]
[Date "2010.08.13"]
[Round "10.1"]
[White "Muzychuk, Anna"]
[Black "Melekhina, Alisa"]
[Result "1-0"]
[WhiteElo "2527"]
[BlackElo "2265"]
[PlyCount "77"]
[EventDate "2010.08.03"]
[EventType "swiss"]
[EventRounds "13"]
[EventCountry "POL"]
[Source "lmi"]
[SourceDate "2010.08.03"]

1. e4 e5 2. Nf3 Nc6 3. Bb5 a6 4. Ba4 Nf6 5. d3 d6 6. c3 g6 7. O-O Bg7 8. Re1
O-O 9. Nbd2 h6 10. h3 Nh7 11. Bxc6 bxc6 12. d4 exd4 13. cxd4 Re8 14. Qc2 c5 15.
dxc5 d5 16. Qd3 Nf6 17. e5 Bf5 18. Qd4 Ne4 19. Nf1 f6 20. Bf4 g5 21. exf6 Bf8
22. Bxc7 Qxc7 23. Qxd5+ Kh8 24. Qxf5 Qxc5 25. Qg6 Qxf2+ 26. Kh1 Qc2 27. Qf7
Qxb2 28. Rxe4 Rxe4 29. Rd1 Qc2 30. Nxg5 hxg5 31. Qh5+ Kg8 32. Qg6+ Kh8 33. Qh5+
Kg8 34. Qxg5+ Kf7 35. Rd7+ Ke8 36. Qd5 Be7 37. Rxe7+ Rxe7 38. Qxa8+ Kf7 39.
fxe7 1-0

[Event "Campeonato del Mundo sub-20 2010 Fem."]
[Site "Chotowa-Czarna, Poland"]
[Date "2010.08.13"]
[Round "10.2"]
[White "Pavlidou, Ekaterini"]
[Black "Girya, Olga"]
[Result "0-1"]
[WhiteElo "2182"]
[BlackElo "2376"]
[PlyCount "82"]
[EventDate "2010.08.03"]
[EventType "swiss"]
[EventRounds "13"]
[EventCountry "POL"]
[Source "lmi"]
[SourceDate "2010.08.03"]

1. d4 d5 2. c4 c6 3. Nf3 Nf6 4. Nc3 dxc4 5. a4 Bf5 6. e3 e6 7. Bxc4 Bb4 8. O-O
O-O 9. Qe2 Bg4 10. h3 Bh5 11. Rd1 Nbd7 12. e4 Qe7 13. e5 Nd5 14. Nxd5 cxd5 15.
Bd3 Rfc8 16. Bf4 a6 17. a5 Bg6 18. Bg5 Qe8 19. Ne1 Bxe1 20. Rxe1 Nb8 21. Ra3
Nc6 22. Qd2 Rc7 23. h4 h6 24. Bf4 Rac8 25. h5 Bxd3 26. Rxd3 Ne7 27. Re2 Kh7 28.
g4 Qb5 29. Bxh6 Rc2 30. Qd1 Rxe2 31. Qxe2 gxh6 32. Qf3 Qe8 33. Qf4 Rc7 34. Rf3
Nc6 35. Qd2 Qg8 36. Rg3 Qg5 37. f4 Qh4 38. Kg2 Ne7 39. Qd3+ Kh8 40. Qd2 Rc8 41.
Qd1 Rg8 0-1